| 000 | 02374cam a22004574i 4500 | ||
|---|---|---|---|
| 003 | PE-LiUPU | ||
| 005 | 20250731172902.0 | ||
| 008 | 150706s2008 miu r 000 0 eng d | ||
| 020 | _a9780801026805 | ||
| 035 | _a(Sirsi) a166023 | ||
| 040 |
_aPE-LiUPU _bspa _cPE-LiUPU _erda |
||
| 049 | _aPRUA | ||
| 082 | 0 | 4 |
_a230 _bS29 _223 |
| 100 | 1 |
_aSchreiner, Thomas R., _eautor. |
|
| 245 | 0 | 0 |
_aNew Testament theology : _bmagnifying God in Christ / _cThomas R. Schreiner. |
| 264 | 1 |
_aGrand Rapids, Mich. : _bBaker Academic, _c2008. |
|
| 300 |
_a990 páginas ; _c24 centímetros |
||
| 336 |
_atext _2rdacontent |
||
| 337 |
_aunmediated _2rdamedia |
||
| 338 |
_avolume _2rdacarrier |
||
| 505 | 0 | _aThe fulfillment of God's saving promises : the already-not yet -- The kingdom of God in the Synoptic Gospels -- Eternal life and eschatology in John's theology -- Inaugurated eschatology outside the Gospels -- The God of the promise : the saving work of the Father, Son, and Spirit -- The centrality of God in New Testament theology -- The centrality of Christ in the Synoptic Gospels -- The Messiah and the Son of Man in the Gospels -- The Son of God, I Am, and Logos -- Jesus' saving work in the Gospels -- Jesus' saving work in Acts -- The Christology of Paul -- The saving work of God and Christ according to Paul -- The Christology of Hebrews-Revelation -- The Holy Spirit -- Experiencing the promise : believing and obeying -- The problem of sin -- Faith and obedience -- The law and salvation history -- The people of the promise and the future of the promise -- The people of the promise -- The social world of God's people -- The consummation of God's promises. | |
| 526 | _aSEG42 | ||
| 526 | _aSEG41 | ||
| 526 | _aSEG40 | ||
| 526 | _aSEG39 | ||
| 526 | _aP94 | ||
| 526 | _aP87 | ||
| 526 | _aP86 | ||
| 526 | _aP85 | ||
| 526 | _aP77 | ||
| 526 | _aP76 | ||
| 526 | _aP35 | ||
| 650 | 0 | 4 | _aTeología. |
| 650 | 0 | 4 |
_aRELIGION _xTeología Cristiana _xSistemática |
| 650 | 0 | 4 |
_aRELIGION _xCristianismo _xGeneral. |
| 942 |
_2ddc _cBOOK |
||
| 994 |
_aC0 _bPEPRU |
||
| 596 | _a1 | ||
| 999 |
_a230 S29 _wLC _c14760 _i75216 _d14760 _e2017-11-15 _f2021-11-9 _g5 _lCCODEBUL1 _mBUL _n2 _p46.00 _q7 _r0 _sY _tBOOK _u2017-1-12 _xTEOLOGIA _PP85 _0COMPRA _o.STAFF. Colección Teología |
||
| 980 |
_81 _gALBERTO SANCHEZ Responsable de Automatización |
||